UBT Library

ANATOMY AND PHYISIOLOGY (Record no. 7248)

000 -LEADER
fixed length control field 00288nam a22001337a 4500
008 - FIXED-LENGTH DATA ELEMENTS--GENERAL INFORMATION
fixed length control field 170308b xxu||||| |||| 00| 0 eng d
020 ## - INTERNATIONAL STANDARD BOOK NUMBER
International Standard Book Number 9780867208320
041 ## - LANGUAGE CODE
Language code of text/sound track or separate title eng
080 ## - UNIVERSAL DECIMAL CLASSIFICATION NUMBER
Universal Decimal Classification number 611
100 ## - Rafti
Rafti 6
101 ## - Shkurtesa
Shkurtesa SHM
245 ## - TITLE STATEMENT
Title ANATOMY AND PHYISIOLOGY
Statement of responsibility, etc SLOANE.E
942 ## - ADDED ENTRY ELEMENTS (KOHA)
Source of classification or shelving scheme
Item type Books
Holdings
Withdrawn status Lost status Source of classification or shelving scheme Damaged status Not for loan Collection code Permanent location Current location Shelving location Date acquired Total Checkouts Full call number Barcode Date last seen Price effective from Koha item type
          Koleksioni i përgjithshem UBT - Lipjan UBT - Lipjan Koleksioni i përgjithshem 03/08/2017   611 SLO 002-032891 03/08/2017 03/08/2017 Books
UBT Library © 2015-2024. All rights reserved University Education for Business and Technology